Statistics for Biggest Cities in Oceania by Region

Click here to take the quiz!

General Stats

  • This quiz has been taken 54 times
  • The average score is 13 of 28

Answer Stats

DivisionPopulationAnswer% Correct
Australia & New Zealand5,200,000Sydney
100%
Australia & New Zealand1,340,000Adelaide
98%
Australia & New Zealand1,490,000Auckland
98%
Australia & New Zealand3,075,000Brisbane
98%
Australia & New Zealand4,850,000Melbourne
98%
Australia & New Zealand2,050,000Perth
98%
Melanesia283,733Port Moresby
81%
Australia & New Zealand679,127Gold Coast
79%
Melanesia77,366Suva
77%
Polynesia40,407Apia
62%
Melanesia56,298Honiara
57%
Polynesia22,400Nuku'alofa
55%
Micronesia40,311South Tarawa
49%
Micronesia25,400Majuro
47%
Polynesia1,000,000Honolulu
45%
Polynesia25,521Papeete
36%
Melanesia76,255Lae
23%
Melanesia101,476Nouméa
21%
Micronesia48,220Saipan
17%
Melanesia42,284Nadi
15%
Polynesia28,339Faa'a
4%
Melanesia52,500Lautoka
4%
Micronesia44,943Dededo Village
2%
Micronesia15,000Ebaye & San Jose
0%
Polynesia14,850Pirae
0%
Polynesia23,762Punaauia
0%
Micronesia19,685Tamuning
0%
Micronesia20,539Yigo Village
0%

Score Distribution

Percentile by Number Answered

Percent of People with Each Score

Your Score History

You have not taken this quiz